Los barones del Oriente : El poder en Santa Cruz ayer y hoy /

Saved in:
Format: Book
Published: Santa Cruz : Fundación Tierra, 2008.
Edition:1a ed.
LEADER 00388nam a22001217a 4500
003 AR-BeUNQ
005 20251126123025.0
999 |c 39784  |d 123584 
245 |a Los barones del Oriente :  |b El poder en Santa Cruz ayer y hoy /  |c Ximena Soruco (coordinadora) 
250 |a 1a ed. 
260 |a Santa Cruz :  |b Fundación Tierra,  |c 2008. 
929 |a DONACION  |b Sonia Puricelli  |e 20250930  |f PAT0084629  |g 3819  |o PR 
942 |c LIB